[Event "Charlotte CCCSA Spring IM-E"]
[Site "Charlotte"]
[Date "2022.03.17"]
[Round "3"]
[White "Yang, Qindong"]
[Black "Chen, Ryo"]
[Result "1/2-1/2"]
[WhiteElo "2084"]
[BlackElo "2278"]
[PlyCount "178"]
[EventDate "2022.03.16"]
[EventType "tourn"]
[EventRounds "9"]
[EventCountry "USA"]
[EventCategory "1"]
[SourceTitle "CBM 207 Extra"]
[Source "ChessBase"]
[SourceDate "2022.05.31"]
[SourceVersion "1"]
[SourceVersionDate "2022.05.31"]
[SourceQuality "1"]

1. d4 Nf6 2. c4 g6 3. Nf3 Bg7 4. g3 0-0 5. Bg2 d6 6. 0-0 c5 7. dxc5 dxc5 8. Nc3 Nc6 9. Be3 Be6 10. Bxc5 Qa5 11. Ba3 Bxc4 12. Nd2 Be6 13. Qa4 Qh5 14. Qb5 Qxb5 15. Nxb5 Rad8 16. Rfd1 Rd7 17. Nb3 a6 18. Nc3 Bxb3 19. Rxd7 Nxd7 20. axb3 Ndb8 21. Rd1 Rc8 22. Bc5 Bf8 23. Bb6 e6 24. Na4 Be7 25. Nc5 Bxc5 26. Bxc5 Rd8 27. Rxd8+ Nxd8 28. e3 Ndc6 29. Kf1 f6 30. Ke2 Kf7 31. h4 Nd7 32. Bd6 f5 33. Kd3 e5 34. Bd5+ Kf6 35. f4 e4+ 36. Kc3 Nb6 37. Bxc6 bxc6 38. Be5+ Ke6 39. Bd4 Nd7 40. Kc4 a5 41. Bc5 Nf6 42. Bd4 Nd5 43. Kc5 Kd7 44. Kc4 Nb4 45. Bb6 Nd3 46. Kc3 Nf2 47. Bxa5 Nh1 48. Kd4 Nxg3 49. Ke5 Nf1 50. Bb6 Nh2 51. Kf6 Ng4+ 52. Kg7 Ke6 53. Kxh7 Kf7 54. Bd4 Nh2 55. Bb6 Nf3 56. Bd8 Nd2 57. Kh6 Nxb3 58. h5 gxh5 59. Kxh5 Nd2 60. Bb6 Nf3 61. Kh6 Ne1 62. Kh5 Nd3 63. Bd4 c5 64. Bc3 Nf2 65. Bd2 Nd1 66. Bc1 Ke6 67. Kg6 c4 68. Kg5 Nf2 69. Bd2 Ng4 70. Kg6 Nh2 71. Bc3 Nf1 72. Bd4 Nd2 73. Bc3 Nf3 74. Bb4 Nh2 75. Bc3 Nf1 76. Bd4 Nd2 77. Bc3 Nb3 78. Kg5 Nc5 79. Kg6 Nd7 80. Bd4 Nb8 81. Kg5 Nc6 82. Bc3 Ne7 83. Bd4 Nd5 84. Kg6 Nb4 85. Bc3 Nd3 86. Kg5 Nf2 87. Kg6 Nd3 88. Kg5 Nf2 89. Kg6 Nd3 1/2-1/2

[Event "Titled Tuesday intern op 08th Feb Late"]
[Site "Chess.com INT"]
[Date "2022.02.08"]
[Round "3"]
[White "Yang, Qindong"]
[Black "Fishbein, Alexander"]
[Result "1-0"]
[WhiteElo "2084"]
[BlackElo "2443"]
[PlyCount "85"]
[EventDate "2022.02.08"]
[EventType "swiss (blitz)"]
[EventRounds "11"]
[EventCountry "USA"]
[SourceTitle "CBM 206 Extra"]
[Source "ChessBase"]
[SourceDate "2022.03.31"]
[SourceVersion "1"]
[SourceVersionDate "2022.03.31"]
[SourceQuality "1"]

1. d4 Nf6 2. c4 g6 3. Nf3 Bg7 4. g3 0-0 5. Bg2 d6 6. 0-0 Nc6 7. Nc3 e5 8. d5 Nb8 9. e4 a5 10. Ne1 Na6 11. Nd3 Nd7 12. Be3 Ndc5 13. Nxc5 Nxc5 14. a3 Bd7 15. b4 axb4 16. axb4 Rxa1 17. Qxa1 Nb3 18. Qd1 Nd4 19. Ne2 Ba4 20. Qd2 Nc2 21. Bh6 Bxh6 22. Qxh6 Nxb4 23. Rb1 Na6 24. Rxb7 Nc5 25. Rb2 Qf6 26. Nc3 Bb3 27. Nb5 Bxc4 28. Nxc7 Nd3 29. Rc2 Rb8 30. Qe3 Rb1+ 31. Bf1 Nb2 32. Rc1 Nd1 33. Rxb1 Nxe3 34. Rb8+ Kg7 35. Ne8+ Kh6 36. Nxf6 Nxf1 37. Rb2 Bd3 38. Ne8 f5 39. exf5 gxf5 40. Nxd6 Kg5 41. Ne8 e4 42. d6 e3 43. fxe3 1-0

[Event "Titled Tuesday intern op 08th Feb Late"]
[Site "Chess.com INT"]
[Date "2022.02.08"]
[Round "11"]
[White "Yang, Qindong"]
[Black "Golubenko, Valentina"]
[Result "0-1"]
[WhiteElo "2084"]
[BlackElo "2209"]
[PlyCount "74"]
[EventDate "2022.02.08"]
[EventType "swiss (blitz)"]
[EventRounds "11"]
[EventCountry "USA"]
[SourceTitle "CBM 206 Extra"]
[Source "ChessBase"]
[SourceDate "2022.03.31"]
[SourceVersion "1"]
[SourceVersionDate "2022.03.31"]
[SourceQuality "1"]

1. d4 g6 2. c4 Bg7 3. Nf3 c5 4. d5 Nf6 5. g3 d6 6. Bg2 e6 7. 0-0 exd5 8. cxd5 0-0 9. Nc3 a6 10. a4 Nbd7 11. e4 Qc7 12. Bf4 Re8 13. Nd2 Ne5 14. Qe2 Bg4 15. f3 Bd7 16. Rfc1 Rab8 17. a5 b5 18. axb6 Rxb6 19. Bxe5 dxe5 20. Nc4 Rb4 21. Rxa6 Reb8 22. Rca1 h5 23. Qd3 Rb3 24. Ra7 Qd8 25. Qe3 Bb5 26. Nxe5 Rxb2 27. Nxf7 Qf8 28. Ne5 Be8 29. Nc4 R2b4 30. Bf1 Nd7 31. R1a6 Bd4 32. Kg2 Bxe3 33. Nxe3 Ne5 34. d6 Rb2+ 35. Kg1 Bd7 36. f4 Nf3+ 37. Kh1 Rxh2# 0-1

[Event "Titled Tuesday intern op 08th Feb Late"]
[Site "Chess.com INT"]
[Date "2022.02.08"]
[Round "1"]
[White "Yang, Qindong"]
[Black "Holt, Conrad"]
[Result "0-1"]
[WhiteElo "2084"]
[BlackElo "2553"]
[PlyCount "68"]
[EventDate "2022.02.08"]
[EventType "swiss (blitz)"]
[EventRounds "11"]
[EventCountry "USA"]
[SourceTitle "CBM 206 Extra"]
[Source "ChessBase"]
[SourceDate "2022.03.31"]
[SourceVersion "1"]
[SourceVersionDate "2022.03.31"]
[SourceQuality "1"]

1. d4 d5 2. c4 c6 3. Nf3 Nf6 4. Nc3 dxc4 5. e4 b5 6. Be2 e6 7. a4 b4 8. e5 Nd5 9. Ne4 Ba6 10. Bd2 Qa5 11. Rc1 Nb6 12. 0-0 Qxa4 13. Qe1 h6 14. Nc5 Bxc5 15. dxc5 Nd5 16. Bxc4 Bxc4 17. Rxc4 Nd7 18. Rg4 g6 19. Rh4 Nxc5 20. Bxb4 Nd3 21. Qd2 N3xb4 22. Rc1 Rd8 23. Rxh6 Rxh6 24. Qxh6 Nd3 25. Rf1 Qf4 26. Qg7 Ke7 27. Ra1 a5 28. h4 Ra8 29. Ra3 Nxb2 30. Rb3 Qc1+ 31. Kh2 Nb4 32. Ng5 Qf4+ 33. g3 Qxf2+ 34. Kh3 N2d3 0-1

[Event "Titled Tuesday intern op 08th Feb Late"]
[Site "Chess.com INT"]
[Date "2022.02.08"]
[Round "9"]
[White "Yang, Qindong"]
[Black "Terletsky, Oleg"]
[Result "1-0"]
[WhiteElo "2084"]
[BlackElo "2176"]
[PlyCount "83"]
[EventDate "2022.02.08"]
[EventType "swiss (blitz)"]
[EventRounds "11"]
[EventCountry "USA"]
[SourceTitle "CBM 206 Extra"]
[Source "ChessBase"]
[SourceDate "2022.03.31"]
[SourceVersion "1"]
[SourceVersionDate "2022.03.31"]
[SourceQuality "1"]

1. d4 Nf6 2. c4 g6 3. Nc3 Bg7 4. e4 d6 5. Be2 0-0 6. Nf3 e5 7. Be3 Ng4 8. Bg5 f6 9. Bc1 f5 10. 0-0 Nc6 11. exf5 Bxf5 12. h3 Nf6 13. dxe5 dxe5 14. Bg5 Qxd1 15. Raxd1 Ne4 16. Nxe4 Bxe4 17. Rd7 Rf7 18. Rxf7 Kxf7 19. Rd1 Nd4 20. Nxd4 exd4 21. c5 Bd5 22. a3 Re8 23. Bd3 b6 24. Rc1 bxc5 25. Rxc5 Re1+ 26. Kh2 c6 27. Bf4 g5 28. Bxg5 Be5+ 29. f4 Bd6 30. Ra5 Bb8 31. Rc5 Rd1 32. Bxh7 Rd2 33. Rc2 Rxc2 34. Bxc2 Bc4 35. Kg1 d3 36. Bd1 Bd6 37. Kf2 Bc5+ 38. Ke1 Be3 39. Ba4 d2+ 40. Kd1 Bd5 41. Bh4 Bxg2 42. Ke2 1-0

[Event "Titled Tuesday intern op 23rd Feb"]
[Site "Chess.com INT"]
[Date "2021.02.23"]
[Round "9"]
[White "Damjanovic, Vladimir"]
[Black "Yang, Qindong"]
[Result "0-1"]
[WhiteElo "2393"]
[BlackElo "2113"]
[PlyCount "88"]
[EventDate "2021.02.23"]
[EventType "swiss (blitz)"]
[EventRounds "11"]
[EventCountry "USA"]
[SourceTitle "CBM 200 Extra"]
[Source "ChessBase"]
[SourceDate "2021.03.31"]
[SourceVersion "1"]
[SourceVersionDate "2021.03.31"]
[SourceQuality "1"]

1. d4 Nf6 2. Nc3 d5 3. Bf4 c6 4. e3 Bf5 5. f3 e6 6. g4 Bg6 7. h4 h6 8. Bd3 Bxd3 9. Qxd3 Bd6 10. Nge2 Na6 11. 0-0-0 Qc7 12. Bxd6 Qxd6 13. e4 dxe4 14. fxe4 e5 15. g5 Nd7 16. Ng3 Qxd4 17. Qf3 Qb6 18. Rxd7 Kxd7 19. Qxf7+ Kc8 20. Qe6+ Kb8 21. Nf5 hxg5 22. h5 Qc7 23. Qg6 Nc5 24. Nxg7 b6 25. h6 Kb7 26. b4 Na6 27. a3 Rag8 28. Rg1 Qe7 29. Kb2 Nc7 30. Rxg5 Ne8 31. Qf5 Nxg7 32. hxg7 Rxg7 33. Qxe5 Qxg5 34. Qd6 Qe7 35. Qd4 Rd8 36. Qc4 Qe5 37. Qf1 Rg3 38. Qf7+ Kb8 39. Kb1 Qxc3 40. Qf4+ Kb7 41. Qf7+ Ka6 42. Qf1+ b5 43. Qf2 Rh3 44. Qg2 Rd2 0-1

[Event "Titled Tuesday intern op 23rd Feb"]
[Site "Chess.com INT"]
[Date "2021.02.23"]
[Round "8"]
[White "Lonoff, Marc J"]
[Black "Yang, Qindong"]
[Result "0-1"]
[WhiteElo "2122"]
[BlackElo "2113"]
[PlyCount "62"]
[EventDate "2021.02.23"]
[EventType "swiss (blitz)"]
[EventRounds "11"]
[EventCountry "USA"]
[SourceTitle "CBM 200 Extra"]
[Source "ChessBase"]
[SourceDate "2021.03.31"]
[SourceVersion "1"]
[SourceVersionDate "2021.03.31"]
[SourceQuality "1"]

1. c4 Nf6 2. Nc3 g6 3. g3 Bg7 4. Bg2 0-0 5. e4 d6 6. Nge2 e5 7. 0-0 Nc6 8. d3 Ne8 9. Be3 Be6 10. f4 f5 11. Qd2 Nf6 12. Nd5 Ng4 13. Rab1 Nxe3 14. Qxe3 fxe4 15. dxe4 Qd7 16. Kh1 Rf7 17. b4 Raf8 18. b5 Nd8 19. Qxa7 b6 20. Qa3 Bh3 21. Qd3 Bxg2+ 22. Kxg2 Ne6 23. a4 Nc5 24. Qc2 exf4 25. Nexf4 Ra8 26. Ra1 Bxa1 27. Rxa1 Qe8 28. a5 bxa5 29. Re1 a4 30. Qc3 Qe5 31. Qxe5 dxe5 0-1

[Event "Titled Tuesday intern op 23rd Feb"]
[Site "Chess.com INT"]
[Date "2021.02.23"]
[Round "2"]
[White "Sipila, Vilka"]
[Black "Yang, Qindong"]
[Result "1-0"]
[WhiteElo "2402"]
[BlackElo "2113"]
[PlyCount "105"]
[EventDate "2021.02.23"]
[EventType "swiss (blitz)"]
[EventRounds "11"]
[EventCountry "USA"]
[SourceTitle "CBM 200 Extra"]
[Source "ChessBase"]
[SourceDate "2021.03.31"]
[SourceVersion "1"]
[SourceVersionDate "2021.03.31"]
[SourceQuality "1"]

1. b3 Nf6 2. Bb2 g6 3. Nf3 Bg7 4. g3 0-0 5. Bg2 d6 6. d4 Nc6 7. d5 Nb4 8. c4 c6 9. dxc6 Nxc6 10. 0-0 Bf5 11. Re1 a6 12. Nc3 Rc8 13. Rc1 Qa5 14. a3 b5 15. b4 Qb6 16. cxb5 axb5 17. Qd2 Rfd8 18. h3 Ne5 19. Nxe5 dxe5 20. Qe3 Qxe3 21. fxe3 Rd2 22. Ba1 Bh6 23. Kf2 Rb8 24. g4 Be6 25. Ne4 Nxe4+ 26. Bxe4 Bc4 27. Bxe5 Rbd8 28. a4 Bd5 29. Bxd5 R2xd5 30. Bc7 Rc8 31. a5 e6 32. a6 Ra8 33. Rc6 Bf8 34. Ra1 Bxb4 35. a7 Rc5 36. Rb6 Rxc7 37. Rb8+ Rc8 38. Rxc8+ Rxc8 39. a8Q Rxa8 40. Rxa8+ Bf8 41. Rb8 b4 42. Kf3 Kg7 43. Ke4 Bd6 44. Rb6 Be7 45. Ke5 h6 46. Rb7 Bc5 47. e4 Bf8 48. Kd4 g5 49. e5 Kg6 50. Kc4 Bg7 51. Kd4 Bf8 52. Rb8 Be7 53. Re8 1-0